El devoto de María Santísima del refugio de pecadores, devocionario que comprende novena, semana, día cuatro, sábado Mariano, ...

Detalles Bibliográficos
Formato: Libro
Publicado: México 1860
Materias:
Colección:Banco de datos
Acervo:Biblioteca del Ex Convento de Nuestra Señora de Guadalupe. Zacatecas
Tema general:Mariología
Notas:Buena. XIV,5,13 (4831)
LEADER 00717nam a22001810004500
035 |a 45925 
036 |a 7109 
245 1 0 |a El devoto de María Santísima del refugio de pecadores, devocionario que comprende novena, semana, día cuatro, sábado Mariano, ... 
260 |a México  |b imp. Andrade y Escalante  |c 1860 
500 |a Buena. XIV,5,13 (4831) 
650 1 0 |a Mariología 
949 |a CRZ-CG 
959 |a Ex convento de Nuestra Señora de Guadalupe, Museo Regional de Zacatecas, Zacatecas  |b CCC4 
960 |a Convento de Nuestra Señora de Guadalupe, Zacatecas  |b DD87 
961 |a Franciscana  |b OF 
942 |c CRZ-CG 
943 |g Biblioteca del Ex Convento de Nuestra Señora de Guadalupe. Zacatecas 
999 |c 970052  |d 970052